Qualitätssicherung im Bankbetrieb

Saved in:
Bibliographic Details
Main Author: Bokranz, Rainer
Other Authors: Kasten, Lars
Format: Book
Language:German
Published: Wiesbaden Gabler 1994
Edition:1. Aufl.
Series:Gabler Finanz
Subjects:
Tags: Add Tag
No Tags, Be the first to tag this record!

MARC

LEADER 00000nam a2200000 4500
001 c006288
005 20221205141006.3
020 |a 3-409-14435-8 
041 0 |a ger 
044 |a DE 
245 1 0 |a Qualitätssicherung im Bankbetrieb  |c Rainer Bokranz, Lars Kasten 
250 |a 1. Aufl. 
264 1 |a Wiesbaden  |b Gabler  |c 1994 
300 |a 149 s. 
490 1 |a Gabler Finanz 
830 0 |a Gabler Finanz 
610 2 0 |a banky 
610 2 0 |a služby informačné 
610 2 0 |a náklady 
610 2 0 |a ponuka 
610 2 0 |a zákazníci 
610 2 0 |a servis 
610 2 0 |a kvalita 
610 2 0 |a modely 
610 2 0 |a TQM 
100 1 |a Bokranz, Rainer 
700 1 |a Kasten, Lars